| 000 | 00709nam a2200277Ia 4500 | ||
|---|---|---|---|
| 003 | OSt | ||
| 005 | 20221007101152.0 | ||
| 006 | a|||||r|||| 00| 0 | ||
| 007 | ta | ||
| 008 | 221006b |||||||| |||| 00| 0 eng d | ||
| 024 | _a5,955 | ||
| 037 | _cTextual | ||
| 040 |
_aLCO _cLCO _beng |
||
| 041 |
_2eng _aeng |
||
| 082 | _aX415qM90, L2 | ||
| 100 |
_aBhaumik _9702676 |
||
| 245 | 0 | _aIndian Railways Act, 1890 | |
| 250 | _a4th | ||
| 260 |
_aCalcutta _bEastern Law House India _c1972 |
||
| 300 | _a465 | ||
| 500 | _aIX of 1890 | ||
| 650 |
_aRAILWAY _9264351 |
||
| 700 |
_a Mitra S.D. _9702487 |
||
| 942 |
_hX415qM90, L2 _cTEXL |
||
| 999 |
_c1175518 _d1175518 |
||